| 000 | 00000nam##2200000za#4500 |
| 001 | 9.649893 |
| 003 | CaOODSP |
| 005 | 20210615114012 |
| 007 | ta |
| 008 | 150407|2005||||xxc||||| f|0| 0 eng|d |
| 040 | |aCaOODSP|beng |
| 043 | |an-cn--- |
| 086 | 1 |aRC31-26/2005E |
| 110 | 1 |aCanada.|bIndian Claims Commission. |
| 245 | 10|aJames Smith Cree Nation, Treaty Land Entitlement Inquiry Report on issue 9, amalgamation / |cPanel: Chief Commissioner Renée Dupuis, Commissionner Alan C. Holman. |
| 246 | 1 |aJames Smith Cree Nation, Report on: Treaty Land Entitlement, Report on Issue 9: Amalgamation |
| 260 | |aOttawa - Ontario : |bIndian Claims Commission |c2005. |
| 300 | |aix, 54p. : |bcoloured figs., references ; |c28 cm. |
| 520 | 3 |aThis report looks at one issue related to the inquiry, launched in 1999, into the James Smith Cree Nation’s rejected Treaty Land Entitlement claim: whether there was a lawful amalgamation of the “Peter Chapman Band” and the “James Smith Band.” This report contains a review of the facts of this issue, as well as the Commission’s legal analysis, findings, and recommendations to the parties. |
| 563 | |aSpiral binding |
| 590 | |a05-41|b2005-10-14 |
| 690 | 07|aIndigenous peoples|2gcpds |
| 690 | 07|aLand claims|2gcpds |
| 775 | 08|tEnquête sur la revendication de la Nation crie de James Smith relative aux droits fonciers issus de traité - Rapport sur la question 9: la fusion / |w(CaOODSP)9.683030 |
| 776 | 0#|tJames Smith Cree Nation, Treaty Land Entitlement Inquiry Report on issue 9, amalgamation / |w(CaOODSP)9.687841 |